| 000 | 004840000a22001810004500 | ||
|---|---|---|---|
| 003 | MACL | ||
| 005 | 20150716133414.0 | ||
| 008 | 150716b xxu||||| |||| 00| 0 eng d | ||
| 040 |
_aMACL _cMACL |
||
| 041 | _aEnglish | ||
| 082 | _a321/KAR | ||
| 100 |
_aKarat, Prakash _92322 |
||
| 245 |
_aSubordinate Ally _bThe Nuclear Dealand India US Strategic Relations |
||
| 260 |
_bLeft Word Books _c2007 _aDelhi |
||
| 350 | _a95 | ||
| 650 |
_aPolitical Science _988 |
||
| 942 |
_cBK _k321/KAR _2ddc |
||
| 999 |
_c41800 _d41800 |
||